| 000 | 01765nam a2200445 i 4500 | ||
|---|---|---|---|
| 001 | 56577 | ||
| 003 | KOSZ 005 | ||
| 005 | 20211209145848.0 | ||
| 008 | 081120s2008 pl a |000 0 eng | ||
| 015 | _aUWD 2009/26776 | ||
| 020 | _a9788374934176 | ||
| 035 | _a991046815329705066 | ||
| 035 | _a(PL-WaBN)b22901206-48omnis_nlop | ||
| 035 | _ab22901206 | ||
| 035 | _a(OCoLC)297754431 | ||
| 035 | _a(PL)b0000002290120 | ||
| 035 | _a(EXLNZ-48OMNIS_NETWORK)9910260114905606 | ||
| 040 |
_aWA N _cWA N _dWA N _dLUBL KUL _dKOSZ 005/HR |
||
| 046 | _k2008 | ||
| 080 | _a005:004.03 | ||
| 245 | 0 | 0 |
_aInformation systems architecture and technology : _bdesigning, development and implementation of information systems / _ced. Leszek Borzemski [et al.] ; Wrocław University of Technology. |
| 260 |
_aWrocław : _bOficyna Wydawnicza Politechniki Wrocławskiej, _c2008. |
||
| 300 |
_a218 s. : _bil. ; _c24 cm. |
||
| 336 |
_aTekst _btxt _2rdacontent |
||
| 337 |
_aBez urządzenia pośredniczącego _bn _2rdamedia |
||
| 338 |
_aWolumin _bnc _2rdacarrier |
||
| 380 | _aKsiążki | ||
| 388 | _a2001- | ||
| 490 | 1 |
_aBiblioteka Informatyki Szkół Wyższych = _aLibrary of Informatics of University Level Schools |
|
| 504 | _aBibliogr. przy pracach. | ||
| 650 | 7 |
_aSystemy informatyczne zarządzania _2DBN |
|
| 658 | _aZarządzanie i marketing | ||
| 658 | _aInformatyka i technologie informacyjne | ||
| 700 | 1 |
_aBorzemski, Leszek _d(1952- ) _eRedakcja |
|
| 710 | 2 |
_aOficyna Wydawnicza Politechniki Wrocławskiej _4pbl |
|
| 830 | 0 | _aBiblioteka Informatyki Szkół Wyższych | |
| 856 |
_uhttp://koha.tu.koszalin.pl/cgi-bin/koha/opac-detail.pl?biblionumber=56577 _yKatalog online BPK |
||
| 942 |
_2UKD _cKS |
||
| 999 |
_c56577 _d56577 |
||